Airline ICAO code Quiz (not operating Airlines in this as well) - Statistiken

Allgemein
  • Dieses Quiz wurde 90 mal gespielt
  • Das Durchschnittsergebnis liegt bei 23 aus 135
Antwortstatistiken
Hint Antwort % Korrekt
KLM Royal Dutch Airlines KLM
80%
Ansett Australia AAA
77%
Lufthansa DLH
69%
American Airlines AAL
67%
British Airways BAW
59%
Southwest Airlines SWA
53%
Japan Airlines JAL
51%
LOT Polish Airlines LOT
50%
United Airlines UAL
49%
Trans World Airlines TWA
46%
AirFrance AFR
39%
Austrian Airlines AUA
39%
Ryanair RYR
39%
Air Canada ACA
37%
All Nippon Air ANA
37%
Ethiopian Airlines ETH
37%
Finnair FIN
37%
Icelandair ICE
37%
TAP Air Portugal TAP
37%
Qatar Airways QTR
36%
TAM TAM
36%
TUIfly TUI
36%
Air New Zealand ANZ
33%
Iberia IBE
33%
Delta DAL
31%
Condor CFG
29%
Etihad ETD
29%
Hawaiian Airlines HAL
29%
Scandinavian Airlines SAS
29%
Swiss SWR
29%
Aeroflot AFL
27%
Emirates UAE
27%
Allegiant AAY
26%
Turkish Airlines THY
26%
Asiana AAR
24%
Oman Air OMA
24%
Singapore Airlines SIA
24%
Eurowings EWG
23%
South African Airways SAA
23%
Aegean Airlines AEE
21%
Pan American World Airways PAA
21%
THAI THA
21%
WOW Air WOW
21%
AirIndia AIC
20%
Brussels Airlines BEL
20%
Virgin Atlantic VIR
20%
Air Canada Rouge ACR
19%
Philippine Airlines PAL
19%
Qantas QFA
19%
WizzAir WZZ
19%
Air Europa AEA
17%
Azul AZU
17%
Korean Air KAL
17%
Royal Air Maroc RAM
17%
Aloha Airlines AAH
16%
Alaska Airlines ASA
16%
AirBerlin BER
16%
JetBlue JBU
16%
AirKoryo KOR
16%
Avianca AVA
14%
AirChina CCA
14%
Cathay Pacific CPA
14%
China Southern CSN
14%
Edelweiss Air EDW
14%
China Eastern CES
13%
Czech Airlines CSA
13%
IndiGo IGO
13%
Pakistan International PIA
13%
Flydubai FDB
11%
Royal Jordanian RJA
11%
Tunis Air TAR
11%
Alitalia AZA
10%
Air Zimbabwe AZW
10%
Air Dolomiti DLA
10%
Gulf Air GFA
10%
EgyptAir MSR
10%
Pegasus Airlines PGT
10%
AirSerbia ASL
9%
AerLingus EIN
9%
El Al ELY
9%
Luxair LGL
9%
Vueling VLG
9%
Air Belgium ABB
7%
Air Malta AMC
7%
Aeromexico AMX
7%
Air Baltic BTI
7%
Croatia Airlines CTN
7%
Easyjet Europe EJU
7%
Fiji Airways FJI
7%
JetStar JST
7%
LATAM LAN
7%
Malaysia Airlines MAS
7%
TAROM ROT
7%
SundAir SDR
7%
Saudia SVA
7%
Uzbekistan Airways UZB
7%
FlyOne FIA
6%
Garuda Indonesia GIA
6%
Vietnam Airlines HVN
6%
Norwegian Air Shuttle NOZ
6%
Avianca Brazil ONE
6%
WestJet WJA
4%
Corendon CAI
3%
Jet2 EXS
3%
GOL GLO
3%
Kenya Airways KQA
3%
Royal Brunei RBA
3%
Volaris VOI
3%
Virgin Australia VOZ
3%
SriLankan Airlines ALK
1%
Aerolineas Argentinas ARG
1%
FlyBe BEE
1%
Copa Airlines CMP
1%
Xiamen Airlines CXA
1%
Air Mauritius MAU
1%
Spirit NKS
1%
Air Namibia NMB
1%
Ansett New Zealand NZA
1%
Nepal Airlines RNA
1%
RwandAir RWD
1%
TACA TAI
1%
Thomas Cook TCC
1%
Air Transat TSC
1%
AirAsia AXM
0%
China Northern CBF
0%
Air Corsica CCM
0%
Frontier FFT
0%
Air Caraïbes FWI
0%
Hainan Airlines HAK
0%
Helios HCY
0%
AeroSucre (Aerosucker) KRE
0%
Helvetic Airways OAW
0%
SpiceJet SEJ
0%
Silkair SLK
0%
Ural Airlines SVR
0%
Keine übereinstimmenden Quizze gefunden
Verteilung der Resultate
Anzahl Personen mit jedem Resultat
Perzentil nach korrekt beantworteten Fragen
Ihre Resultats-Entwicklung
Sie haben dieses Quiz noch nicht gespielt